00722nam a2200217Ia 4500008004100000020001700041040001400058082002300072100003200095245004600127260003800173300001100211365002800222366000800250505002200258530003000280620007900310630004600389650002300435730004600458100315s9999 xx 000 0 und d a8176350273  cENGLISH  b10057 a005.754  a"Casad, Joe, Newland, Dan " aMCSE Training Guide : windows NT Server 4 aNew Delhi bTECHMEDIA  c1998  a490   eRupees d1 b425.00  f0  gVaibhav Gaikwad  bDonated By RBI Library   a"MCSE Training Guide, Networking Essentials, Computer Science, RBI Book " aMCSE Training Guide : windows NT Server 4 aCOMPUTER SCIENCE  aMCSE Training Guide : windows NT Server 4